Belleza fatal y otros cuentos. / (Registro nro. 13562)

Detalles MARC
000 -LIDER
fixed length control field 01113nam a2200325 a 4500
001 - NÚMERO DE CONTROL
Identificador de número de control 000048968
003 - IDENTIFICACDOR DE NÚMERO DE CONTROL
control field DO-SdBNP
005 - DATE AND TIME OF LATEST TRANSACTION
control field 20210716090625.0
008 - ELEMENTOS DE LONGITUD FIJA
fixed length control field 190510s2018 dr 000 spa d
020 ## - ISBN
International Standard Book Number 9789945590791
040 ## - FUENTE DE CATALOGACIÓN
Agencia que crea de manera original el registro BPMSU
Idioma de catalogación spa
Agencia que realiza la transcripción BPMSU
082 ## - NÚMERO DE CLASIFICACIÓN DECIMAL DE DEWEY
Classification number RD863.5
Item number P925b 2017
Edition number 22
111 2# - ASIENTO PRINCIPAL--NOMBRE DE REUNIÓN O CONFERENCIA
Nombre de reunión o jurisdicción como elemento de entrada Premios FUNGLODE de Cuentos Juan Bosch
Fecha de la reunión (2017 :
Lugar de la reunión Santo Domingo )
245 #0 - MENCIÓN DE TITULO
Título Belleza fatal y otros cuentos. /
Mención de responsabilidad Roberto Adames... [y otros]
260 ## - PUBLICACIÓN, DISTRIBUCIÓN, ETC. (PIE DE IMPRENTA)
Lugar de publicación, distribución, etc Santo Domingo :
Nombre del editor, distribuidor, etc. Fundación Global Democracia y Desarrollo (FUNGLODE)
Fecha de publicación, distribución, etc 2018.
300 ## - DESCRIPCIÓN FÍSICA
Extensión 74 p. ;
Dimensiones 23 cm.
500 ## - NOTA GENERAL
Nota general Incluye datos biográficos de los nominados en la contracubierta
586 ## - AWARDS NOTE
Awards note Premios FUNGLODE /GFDD, 2017
590 ## - NOTA LOCAL
Texto de la nota local Inventariado, 2021/VM
650 #4 - ENCABEZAMIENTO DE MATERIA--TEMÁTICO
Término temático o nombre geográfico como elemento de entrada Cuentos dominicanos
650 #4 - ENCABEZAMIENTO DE MATERIA--TEMÁTICO
Término temático o nombre geográfico como elemento de entrada Literatura dominicana
650 #4 - ENCABEZAMIENTO DE MATERIA--TEMÁTICO
Término temático o nombre geográfico como elemento de entrada Certamenes literarios
650 #4 - ENCABEZAMIENTO DE MATERIA--TEMÁTICO
Término temático o nombre geográfico como elemento de entrada Premios literarios
700 1# - ASIENTO SECUNDARIO -- NOMBRE PERSONAL
Nombre personal Rodríguez, Danilo
700 1# - ASIENTO SECUNDARIO -- NOMBRE PERSONAL
Nombre personal Villamán, Elizabeth
700 1# - ASIENTO SECUNDARIO -- NOMBRE PERSONAL
Nombre personal Guzmán, Michel
710 2# - ASIENTO SECUNDARIO -- NOMBRE CORPORATIVO
Nombre corporativo o de jurisdicción Fundación Global Democracía y Desarrollo (República Dominicana)
910 ## - VALIDACIÓN
Validación VMateo
942 ## - ADDED ENTRY ELEMENTS (KOHA)
Source of classification or shelving scheme Dewey Decimal Classification
Koha item type Libros
Existencias
Withdrawn status Lost status Source of classification or shelving scheme Damaged status Not for loan Collection code Home library Current library Date acquired Full call number Barcode Date last seen Price effective from Koha item type
    Dewey Decimal Classification     Colección Dominicana Biblioteca Pública Metropolitana Salomé Ureña Biblioteca Pública Metropolitana Salomé Ureña 06/08/2021 BPMSU CD RD863.5 P925b 2017 BPMSU21060027 06/08/2021 06/08/2021 Libros